000 00322nam a22001337a 4500
008 170829b xxu||||| |||| 00| 0 eng d
020 _a9780240803654
041 _aeng
080 _a070
100 _a39
101 _aMED
245 _aCORPORATE MEDIA A PRODUCTION MEDIA PRODUCTION
_cDIZAZZA.R
942 _2udc
_cBK
999 _c25226
_d25226